AN INTRODUCTION TO FINITE ELEMENT METHOD (Record no. 819085)

MARC details
000 -LEADER
fixed length control field 00389pam a2200157a 44500
008 - FIXED-LENGTH DATA ELEMENTS--GENERAL INFORMATION
fixed length control field 230405s2013 xxu||||| |||| 00| 0 eng d
041 ## - LANGUAGE CODE
Language code of text/sound track or separate title ENG
100 ## - MAIN ENTRY--PERSONAL NAME
Personal name REDDY J.N
245 ## - TITLE STATEMENT
Title AN INTRODUCTION TO FINITE ELEMENT METHOD
250 ## - EDITION STATEMENT
Edition statement 3RD
260 ## - PUBLICATION, DISTRIBUTION, ETC.
Place of publication, distribution, etc. NEW DELHI
Name of publisher, distributor, etc. MCGRAW HILL EDUCATION PUB
Date of publication, distribution, etc. 2013
300 ## - PHYSICAL DESCRIPTION
Extent P.B,XVI,766
650 ## - SUBJECT ADDED ENTRY--TOPICAL TERM
Topical term or geographic name entry element CAD/CAM
690 ## - LOCAL SUBJECT ADDED ENTRY--TOPICAL TERM (OCLC, RLIN)
Topical term or geographic name as entry element CAD/CAM
906 ## - LOCAL DATA ELEMENT F, LDF (RLIN)
a 4890
Holdings
Withdrawn status Lost status Damaged status Not for loan Collection Home library Current library Date acquired Source of acquisition Cost, normal purchase price Total Checkouts Full call number Barcode Date last seen Price effective from Koha item type Date last checked out
          College of Engineering, Kolhapur College of Engineering, Kolhapur 16/08/2023 BHARATI MADHYAVARTI SAHAKARI GRAHAK BHANDAR LTD.PUNE 640.00   620.00151825/RED ECK-MECH-57 16/08/2023 16/08/2023 Book  
          College of Engineering, Kolhapur College of Engineering, Kolhapur 25/03/2021 BHARATI MADHYAVARTI SAHAKARI GRAHAK BHANDAR LTD.PUNE 640.00   620.00151825/RED ECK-MECH-56 16/08/2023 16/08/2023 Book  
          College of Engineering, Kolhapur College of Engineering, Kolhapur 16/08/2023 BHARATI MADHYAVARTI SAHAKARI GRAHAK BHANDAR LTD.PUNE 640.00   620.00151825/RED ECK-MECH-55 16/08/2023 16/08/2023 Book  
          College of Engineering, Kolhapur College of Engineering, Kolhapur 16/08/2023 BHARATI MADHYAVARTI SAHAKARI GRAHAK BHANDAR LTD.PUNE 640.00   620.00151825/RED ECK-MECH-54 16/08/2023 16/08/2023 Book  
          College of Engineering, Kolhapur College of Engineering, Kolhapur 16/08/2023 BHARATI MADHYAVARTI SAHAKARI GRAHAK BHANDAR LTD.PUNE 640.00 1 620.00151825/RED ECK-MECH-53 14/12/2023 16/08/2023 Book 14/12/2023